Türkiye Cumhuriyeti Anayasası (Record no. 10473)
[ view plain ]
| 000 -BAŞLIK | |
|---|---|
| Sabit Uzunlukta Kontrol Alanı | 00882na a2200265 4500 |
| 001 - KONTROL NUMARASI | |
| Denetim Alanı | 17330 |
| 003 - KONTROL NUMARASI IDENTIFIER | |
| Denetim Alanı | MIRAKIL |
| 005 - SON İŞLEM TARİHİ VE ZAMANI | |
| Denetim Alanı | 20181213155323.0 |
| 008 - SABİT-BOY VERİ ELEMANLARI - GENEL BİLGİLER | |
| Sabit Uzunlukta Kontrol Alanı | 180118b tu 000 0 |
| 035 ## - SİSTEM KONTROL NUMARASI | |
| Sistem Kontrol Numarası | 17330 |
| 040 ## - KATALOGLAMA KAYNAK | |
| Orijinal Kataloglama Ajansı | Milas |
| Kataloglama Dili | tur |
| Metne Dönüştürmek Ajansı | TR-AnCHP |
| 041 ## - DİL KODU | |
| Metin / Ses Parça Veya Ayrı Başlığın Dil Kodu | tur |
| 082 ## - DEWEY ONLU SINIFLANDIRMA NUMARASI | |
| Sınıflandırma Numarası | 342.020263 |
| Ürün Numarası | T15t 1999 |
| 090 ## - SINIFLAMA NUMARASI | |
| Sınıflama Numarası | 342.020263 T15t 1999 |
| 110 ## - ANA GİRİŞ - KURUMSAL ADI | |
| Giriş Elemanı Olarak Kurumsal Ad Veya Yargı Alanı Adı | Türkiye Büyük Millet Meclisi (TBMM) |
| 245 ## - BAŞLIK TABLOSU | |
| Başlık | Türkiye Cumhuriyeti Anayasası |
| Başlığın Kalan | ve Türkiye Büyük Millet Meclisi İçtüzüğü |
| Sorumluluk Tablosu, Vb | Türkiye Büyük Millet Meclisi (TBMM) |
| 246 ## - UNVAN FORM VARYING | |
| Başlık Doğru / Kısa Başlığı | Türkiye Büyük Millet Meclisi İçtüzüğü |
| 260 ## - YAYIN, DAĞITIM, VB | |
| Yayın, Dağıtım, Vb Yeri | Ankara |
| Yayıncı, Dağıtıcı, Vs Adı | TBMM |
| Yayın, Dağıtım, Vb Tarihi | 1999 |
| 300 ## - FİZİKSEL TANIM | |
| Kapsam | xvi, 196 s. |
| Boyutlar | 16 sm. |
| 610 ## - KONU KATMA GİRİŞ - TOPLANTI ADI | |
| Giriş Elemanı Olarak Kurumsal Ad Veya Yargı Alanı Adı | Türkiye Büyük Millet Meclisi (TBMM) |
| Genel Alt Bölüm | İçtüzükler |
| 650 ## - KONU KATMA GİRİŞ - TOPİKAL DÖNEM | |
| Topikal Süreli Veya Coğrafi Ad Giriş Elemanı | TBMM |
| Genel Alt Bölümü | İçtüzükler |
| 650 ## - KONU KATMA GİRİŞ - TOPİKAL DÖNEM | |
| Topikal Süreli Veya Coğrafi Ad Giriş Elemanı | Anayasa hukuku |
| Genel Alt Bölümü | Kanunlar |
| Coğrafi Alt Bölümü | Türkiye |
| 651 ## - KONU KATMA GİRİŞ - COĞRAFİ ADI | |
| Coğrafi İsim | Türkiye |
| Genel Alt Bölümü | Anayasa, 1982 |
| 942 ## - EKLENDİ GİRİŞ ELEMANLARI (KOHA) | |
| Sınıflandırma Veya Raf Düzeni Kaynak | Dewey Decimal Classification |
| Koha Öğesi Türü | Books |
| 999 ## - SİSTEM KONTROL NUMARALARI (KOHA) | |
| Koha Biblionumber | 10473 |
| Koha Biblioitemnumber | 10473 |
| Kalıcı Konum | Mevcut Konum | Edinme Tarihi | Edinim Kaynak | Toplam Check-Out'Lar | Tam Çağrı Numarası | Barkod | Tarih Son Görülme | İtibaren Geçerli Fiyatlar | Koha Öğesi Türü | Kopya Sayısı |
|---|---|---|---|---|---|---|---|---|---|---|
| CHP Kütüphanesi | CHP Kütüphanesi | 10/24/2016 | Bağış | 342.020263 T15t 1999 | 008096 | 10/24/2016 | 10/24/2016 | Books | ||
| CHP Kütüphanesi | CHP Kütüphanesi | 10/24/2016 | Bağış | 342.020263 T15t 1999 | 008097 | 10/24/2016 | 10/24/2016 | Books | k.2 |
